| 000 | 01180cam a22003013a 4500 | ||
|---|---|---|---|
| 001 | 6016 | ||
| 003 | PGUSA | ||
| 005 | 20140828083127.0 | ||
| 008 | 040701s2004||||xxu|||||s|||||000 1 eng d | ||
| 040 |
_aPGUSA _beng |
||
| 042 | _adc | ||
| 050 | 4 | _aPS | |
| 100 | 1 |
_aFerber, Edna, _d1885-1968 |
|
| 245 | 1 | 0 |
_aRoast Beef, Medium : _bThe Business Adventures of Emma McChesney _h[electronic resource] / _cEdna Ferber |
| 260 |
_bProject Gutenberg, _c2004 |
||
| 505 | 0 | _aRoast beef, medium -- Representing T. A. Buck -- Chickens -- His mother's son -- Pink tights and ginghams -- Simply skirts -- Underneath the high-cut vest -- Catching up with Christmas -- Knee-deep in knickers -- In the absence of the agent. | |
| 506 | _aPublic domain in the USA. | ||
| 516 | _aElectronic text | ||
| 653 | _aBusinesswomen -- Fiction | ||
| 653 | _aMcChesney, Emma (Fictitious character) -- Fiction | ||
| 653 | _aMothers and sons -- Fiction | ||
| 653 | _aWomen sales personnel -- Fiction | ||
| 653 | _aTraveling sales personnel -- Fiction | ||
| 653 | _aAdventure stories, American | ||
| 830 | 0 |
_aProject Gutenberg _v6016 |
|
| 856 | 4 | 0 | _uhttp://www.gutenberg.org/ebooks/6016 |
| 942 | _cEB | ||
| 999 |
_c235344 _d235344 |
||